Global warming and environment (Record no. 591)

MARC details
000 -LEADER
fixed length control field 00862 a2200229 4500
008 - FIXED-LENGTH DATA ELEMENTS--GENERAL INFORMATION
fixed length control field 080820t xxu||||| |||| 00| 0 eng d
010 ## - LIBRARY OF CONGRESS CONTROL NUMBER
LC control number ENG-84849
020 ## - INTERNATIONAL STANDARD BOOK NUMBER
International Standard Book Number 8185396523
Terms of availability 650.00
035 ## - SYSTEM CONTROL NUMBER
System control number EN-68380
037 ## - SOURCE OF ACQUISITION
Source of stock number/acquisition D.B.Act / Pub
082 ## - DEWEY DECIMAL CLASSIFICATION NUMBER
Classification number 363.7
100 ## - MAIN ENTRY--PERSONAL NAME
Personal name Gupta, Vishwa Jit
245 ## - TITLE STATEMENT
Title Global warming and environment
Statement of responsibility, etc by Vishwa Jit Gupta
250 ## - EDITION STATEMENT
Edition statement 1st ed.
260 ## - PUBLICATION, DISTRIBUTION, ETC. (IMPRINT)
Place of publication, distribution, etc Delhi
Name of publisher, distributor, etc S. S. Publishers
Date of publication, distribution, etc 2007
270 ## - ADDRESS
Address IX/5572, West Seelampur, Gandhi Nagar
City Delhi
State or province Delhi
Postal code 110031
Telephone number 22433202
300 ## - PHYSICAL DESCRIPTION
Extent 280p.
Dimensions 22 cm. (Hb)
500 ## - GENERAL NOTE
General note Includes bibliographical references and index
650 ## - SUBJECT ADDED ENTRY--TOPICAL TERM
Topical term or geographic name as entry element Global warming
942 ## - ADDED ENTRY ELEMENTS (KOHA)
Institution code [OBSOLETE] dpl
Koha item type English Books
Call number prefix 363.7 / GUP
Source of classification or shelving scheme Dewey Decimal Classification
Classification part 363.7
Call number suffix GUP
Holdings
Withdrawn status Lost status Damaged status Not for loan Home library Current library Date acquired Cost, normal purchase price Total Checkouts Full call number Barcode Date last seen Copy number Uniform Resource Identifier Cost, replacement price Price effective from Koha item type
        D.B.Act.Division D.B.Act.Division 20/08/2008 650.00   363.7 GUP EN-68382 15/09/2008 1 595 650.00 15/09/2008 English Books

© Delhi Public Library
Hit Counter
free hit counter